Avengers who die in Infinity War - Statistics

General Stats
  • This quiz has been taken 236 times
  • The average score is 11 of 16
Answer Stats
Answer % Correct
Spiderman
94%
Black Panther
91%
Gamora
87%
Drax
85%
Star-Lord
85%
Groot
84%
Falcon
80%
Scarlet Witch
79%
Vision
79%
Mantis
77%
Doctor Strange
74%
Loki
69%
Bucky Barnes
60%
Nick Fury
52%
Maria Hill
44%
Hemidall
2%
No matching quizzes found
Score Distribution
Percent of People with Each Score
Percentile by Number Answered
Your Score History
You have not taken this quiz